000 00881nam a2200217Ia 4500
999 _c40314
_d40314
001 6922
003 GE_BSU
005 20200204170231.0
008 181216s1955||||g |||||||||||||| ||geo||
040 _cGE_BSU
041 _ageo
080 _a821.353.1-1 გ-85
100 _aგრიშაშვილი, იოსებ.
_96813
245 _aჩვენ მშვიდობა გვინდა :
_bლექსები /
_cიოსებ გრიშაშვილი ; რედ. გიორგი ჯიბლაძე.
264 _aთბილისი :
_bსაბჭ.მწერალი,
_c1955.
300 _a658 გვ. ;
_c23 სმ.
653 _aჩვენ მშვიდობა გვინდა
653 _aლექსები
700 _aჯიბლაძე, გიორგი
_eრედაქტორი
_9881
942 _cBK
_2udc